000 03078nam a22003017a 4500
001 PE-BaUNAB
003 PE-BaUNAB
005 20260130215131.0
008 260129b pe ||||| |||| 00| 0 spa d
040 _aPE-BaUNAB
041 _aspa
043 _cper
100 _aRodríguez Muñoz Monica Marina
_913178
245 _aInfluencia de la sustitución parcial de cemento por caliza triturada en las propiedades físicas y mecánicas del concreto, Barranca, 2024./
_cRodríguez Muñoz Monica Marina Muñoz Vega Javier Demetrio; asesor, Ascoy Flores Kevin Arturo
260 _aLima:
_bUniversidad Nacional de Barranca,
_c2025.
300 _a168 h.:
_bil. col. ;
_c31 cm.
500 _aAnexos: 85-88.
502 _aTesis (Ing.) -- Universidad Nacional de Barranca. Facultad de Ingeniería. Escuela de Ingeniería Civil, 2025.
504 _aBibliografía: h.84-168.
505 _aInformación general -- Resumen -- Planteamiento del problema -- Justificación -- Antecedentes y/o estado del arte -- Hipótesis y variables de estudio -- Objetivos -- Metodología -- Consideraciones éticas -- Discusión y resultados -- Conclusiones y recomendaciones -- Referencias bibliográficas --Anexos.
520 _aEl objetivo general fue evaluar la influencia de la sustitución parcial de cemento por caliza triturada (CT) en las PFM del concreto. Población conformada por 4 ensayos de trabajabilidad, exudación y módulo de elasticidad (MEE), 12 ensayos de absorción, densidad, y contenido de aire, 36 ensayos de resistencia a la compresión (RC) y 24 ensayos de flexión (RF) de acuerdo a los porcentajes de sustitución: 5%, 10% y 15%. Se empleó un diseño cuasi experimental. La conclusión indicó un impacto mixto de la CT en el concreto. En porcentajes bajos (5%-10%), la CT, al ser un material inerte y más fino que el cemento (malla #100 - 0.15 mm), actuó como filler, llenando espacios entre partículas de cemento y agregados, lo que mejoró la compactación y distribución de tensiones, incrementando RF y MEE. Sin embargo, al carecer de propiedades cementantes, redujo la unión química, disminuyendo RC al 15%, ya que no contribuyó a la hidratación. Además, la absorción aumentó hasta 5.397% al 10%, debido a que la CT no reaccionó químicamente con el agua, dejando más poros accesibles. La exudación y el contenido de aire también se incrementaron al 10%, porque la CT alteró la retención de agua y la compactación, permitiendo mayor ascenso de agua libre y formación de vacíos. Estos efectos se atribuyen a la naturaleza inerte de la CT, que no reemplazó las propiedades reactivas del cemento, limitando la cohesión en porcentajes altos, aunque su finura aportó beneficios parciales en la microestructura a niveles bajos de sustitución.
650 _aCaliza triturada
_913179
650 _apropiedades físico-mecánicas
_913180
700 _aMuñoz Vega Javier Demetrio
_eautor
_913181
700 _aAscoy Flores Kevin Arturo
_easesor
_913182
856 _uhttps://hdl.handle.net/20.500.12935/528
942 _2z
_cTES
_e2026-01-29
_zIRQ
999 _c5848
_d5848